[Event "9.Città di Padova Open A"]
[Site "Padova Ex Fornace Carotta"]
[Date "2006.12.19"]
[Round "4.7"]
[White "Dvirnyy, Danyyil"]
[Black "Rossi, Giampiero"]
[Result "1-0"]
[WhiteElo "2323"]
[BlackElo "1976"]
[Annotator "Gabriele Ballarin"]
[PlyCount "171"]
[EventDate "2006.12.16"]
[EventType "swiss"]
[EventRounds "9"]
[EventCountry "ITA"]

1. e4 c5 2. Nf3 e6 3. d4 cxd4 4. Nxd4 a6 5. Bd3 Nc6 6. Nxc6 dxc6 7. O-O e5 8. Be3 Nf6 9. h3 Bd6 10. Nd2 O-O 11. a4 Be6 12. Qe2 Re8 13. Rfd1 Qe7 14. Bg5 Rad8 15. Nf1 h6 16. Bh4 g5 17. Bg3 Nh7 18. Ne3 Nf8 19. Qh5 Qf6 20. Re1 Bc7 21. Kh2 Rd4 22. Ng4 Bxg4 23. Qxg4 Ng6 24. Bf1 Qe6 25. Qf3 Nf4 26. b3 Red8 27. Rad1 Kg7 28. Rxd4 Rxd4 29. Rd1 Qd7 30. Rxd4 Qxd4 31. h4 b5 32. axb5 axb5 33. c3 Qd7 34. hxg5 hxg5 35. c4 f6 36. cxb5 cxb5 37. Qc3 Bb6 38. Qb4 Qd1 39. Qe7+ Kg6 40. Bxb5 Qd8 41. Be8+ Kh6 42. Qf8+ Kh7 43. Qf7+ Kh8 44. Bd7 Bc5 45. f3 Qe7 46. Qxe7 Bxe7 47. Bb5 Ne6 48. Kh3 Kg7 49. Kg4 Nd4 50. Ba4 Bb4 51. Bf2 Kf7 52. g3 Ke7 53. f4 gxf4 54. gxf4 Ne2 55. f5 Nf4 56. Bb5 Kd8 57. Bh4 Be7 58. Be1 Kc7 59. Ba5+ Kb7 60. Kf3 Nh3 61. b4 Ng5+ 62. Ke3 Nf7 63. Bc4 Nd6 64. Kd3 Kc6 65. Ba6 Nf7 66. b5+ Kc5 67. b6 Bd6 68. b7 Bb8 69. Bc4 Nd6 70. Bd5 Nxf5 71. Bd8 Nd4 72. Bxf6 Nb5 73. Bc4 Nd4 74. Bd5 Nb5 75. Be7+ Kb6 76. Bd8+ Kc5 77. Ba5 Nd4 78. Bd2 Nc6 79. Be3+ Kd6 80. Kc4 Kc7 81. Kb5 Ne7 82. Bb6+ Kd6 83. Bf7 Nc6 84. Bd5 Nd4+ 85. Ka6 Nc6 86. Bxc6 1-0

[Event "9.Città di Padova Open A"]
[Site "Padova Ex Fornace Carotta"]
[Date "2006.12.19"]
[Round "4.12"]
[White "Canazza, Alessandro"]
[Black "Topollaj, Mark"]
[Result "1-0"]
[WhiteElo "2064"]
[BlackElo "1440"]
[Annotator "Gabriele Ballarin"]
[PlyCount "145"]
[EventDate "2006.12.16"]
[EventType "swiss"]
[EventRounds "9"]
[EventCountry "ITA"]

1. c4 e6 2. Nc3 c6 3. Nf3 Bb4 4. a3 Bxc3 5. bxc3 Ne7 6. d4 d6 7. Bg5 f6 8. Bf4 Ng6 9. Bg3 O-O 10. e3 Qa5 11. Qd2 e5 12. Be2 Nd7 13. Qb2 f5 14. Nh4 Ne7 15. f4 e4 16. Bf2 c5 17. O-O Nb6 18. Rfc1 Bd7 19. Kh1 Rab8 20. Be1 Be6 21. Qb5 Qxb5 22. cxb5 c4 23. Bd2 d5 24. a4 h6 25. g3 Kh7 26. Bd1 Nd7 27. Rcb1 g5 28. Ng2 g4 29. Bc1 Ng6 30. Ba3 Rh8 31. Ne1 h5 32. Ra2 h4 33. Kg1 Kg7 34. Bd6 Rbe8 35. Be5+ Ndxe5 36. dxe5 Rh5 37. b6 a6 38. Nc2 Reh8 39. Nd4 Kf7 40. Rg2 hxg3 41. hxg3 Rh1+ 42. Kf2 R1h2 43. a5 Rh1 44. Bc2 Rxb1 45. Bxb1 Rh1 46. Rg1 Rxg1 47. Kxg1 Bd7 48. Bc2 Ne7 49. Kf2 Nc6 50. e6+ Ke7 51. exd7 Nxd4 52. d8=Q+ Kxd8 53. cxd4 Kd7 54. Ba4+ Kd6 55. Ke2 Ke7 56. Kd2 Ke6 57. Kc3 Ke7 58. Kb4 Kd6 59. Bc2 Kd7 60. Kc5 Ke6 61. Ba4 c3 62. Kb4 Kd6 63. Kxc3 Ke6 64. Kb4 Kd6 65. Bd1 Kc6 66. Ba4+ Kd6 67. Be8 Ke7 68. Bg6 Kf6 69. Bh7 Ke6 70. Kc5 Ke7 71. Bxf5 Kf6 72. Bxg4 Ke7 73. Bc8 1-0

[Event "9.Città di Padova Open A"]
[Site "Padova Ex Fornace Carotta"]
[Date "2006.12.20"]
[Round "5.13"]
[White "Topollaj, Mark"]
[Black "De Marchi, Alessandro"]
[Result "0-1"]
[WhiteElo "1440"]
[BlackElo "1570"]
[Annotator "Gabriele Ballarin"]
[PlyCount "68"]
[EventDate "2006.12.16"]
[EventType "swiss"]
[EventRounds "9"]
[EventCountry "ITA"]

{[%evp 0,68,34,17,100,20,51,16,-1,-37,-22,-59,-59,-59,-53,-59,-53,-168,-105,-109,-77,-63,-67,-96,-97,-110,-59,-129,-120,-130,-90,-178,-143,-163,12,-130,-96,-141,-137,-156,-160,-147,-147,-179,-148,-193,-180,-161,-178,-154,-135,-186,-150,-158,-162,-165,-149,-149,-156,-156,-148,-156,-151,-175,-168,-252,-209,-455,-293,-293,-271]} 1. e4 c5 2. Bc4 e6 3. Ne2 Nc6 4. a3 Nf6 5. d3 d5 6. exd5 exd5 7. Ba2 Bd6 8. Ng3 O-O 9. O-O h6 10. Nc3 Be6 11. Nce2 Qc7 12. f4 Bd7 13. c3 Rfe8 14. Bd2 Re7 15. Qc2 Rae8 16. Rae1 Ng4 17. Bb1 f5 18. d4 g6 19. h3 Ne3 20. Bxe3 Rxe3 21. Qd2 c4 22. Kh2 Na5 23. Bc2 Qd8 24. Rf3 Rxf3 25. gxf3 Qh4 26. Kg2 Qe7 27. Rf1 h5 28. Rf2 h4 29. Nf1 Nc6 30. Ng1 Nd8 31. Kh1 Ne6 32. Re2 Qh7 33. Kg2 Bxf4 34. Qe1 Bd6 {Nur} 0-1

[Event "9.Città di Padova Open A"]
[Site "Padova Ex Fornace Carotta"]
[Date "2006.12.21"]
[Round "6.13"]
[White "Camosi, Roberto"]
[Black "Topollaj, Mark"]
[Result "1-0"]
[WhiteElo "1694"]
[BlackElo "1440"]
[Annotator "Gabriele Ballarin"]
[PlyCount "87"]
[EventDate "2006.12.16"]
[EventType "swiss"]
[EventRounds "9"]
[EventCountry "ITA"]

1. e4 e6 2. d4 d5 3. e5 c5 4. Qg4 cxd4 5. Nf3 Nc6 6. Bd3 Qc7 7. Qg3 Nge7 8. O-O Ng6 9. Re1 Be7 10. h4 Bf8 11. Nbd2 Bd7 12. Nb3 Qb6 13. Bg5 Nge7 14. Qf4 Ng6 15. Bxg6 hxg6 16. Nfxd4 Nxd4 17. Qxd4 Qxd4 18. Nxd4 b6 19. a4 Bc5 20. Nb5 O-O 21. c3 a6 22. Nd4 Rac8 23. b4 Bxd4 24. cxd4 Rc4 25. Rec1 Rxb4 26. Be7 Rxd4 27. Bxf8 Kxf8 28. Rc7 Bxa4 29. Rac1 Kg8 30. Rb7 Rxh4 31. Rxb6 Bb5 32. Rc8+ Kh7 33. Rbb8 g5 34. Rh8+ Kg6 35. Rxh4 gxh4 36. Rh8 Kf5 37. Rh7 Kxe5 38. Rxg7 f5 39. f3 d4 40. Kf2 a5 41. g4 fxg4 42. Rg5+ Kd6 43. Rxb5 a4 44. Ra5 {Nur} 1-0

[Event "9.Città di Padova Open A"]
[Site "Padova Ex Fornace Carotta"]
[Date "2006.12.22"]
[Round "7.11"]
[White "Litrico, Paolo"]
[Black "Camosi, Roberto"]
[Result "1-0"]
[WhiteElo "1691"]
[BlackElo "1694"]
[Annotator "Gabriele Ballarin"]
[PlyCount "119"]
[EventDate "2006.12.16"]
[EventType "swiss"]
[EventRounds "9"]
[EventCountry "ITA"]

1. d4 Nf6 2. c3 e6 3. Bg5 c5 4. e3 cxd4 5. exd4 h6 6. Be3 b6 7. Nd2 Nd5 8. Ngf3 Bb7 9. Bd3 Be7 10. O-O Nxe3 11. fxe3 Bg5 12. Qe2 d6 13. Qf2 O-O 14. Ne4 Be7 15. Rad1 Nd7 16. Bb1 Ba6 17. Qc2 f5 18. Rf2 fxe4 19. Qxe4 Nf6 20. Qxe6+ Kh8 21. Nh4 g5 22. Ng6+ Kg7 23. Nxe7 Bc8 24. Nf5+ Kh8 25. Qxd6 Bxf5 26. Qxd8 Raxd8 27. Rxf5 Kg7 28. Rdf1 Ng4 29. Rxf8 Rxf8 30. Rxf8 Kxf8 31. e4 Ne3 32. b3 Ke7 33. h3 Nd1 34. c4 Nc3 35. Bd3 Nxa2 36. Kf2 Nb4 37. Ke2 Nc6 38. Ke3 Kf6 39. e5+ Ke7 40. Ke4 Nd8 41. d5 Nb7 42. Kf5 a6 43. Kg6 Nc5 44. Bc2 Nd7 45. e6 Ne5+ 46. Kxh6 g4 47. hxg4 Nxg4+ 48. Kh5 Ne3 49. Be4 Nd1 50. g4 Nc3 51. Bf3 b5 52. cxb5 Nxb5 53. Be2 Nc7 54. Bc4 a5 55. g5 Ne8 56. Kg6 Kf8 57. Bb5 Nc7 58. Bc6 Na6 59. Kh7 Nc7 60. g6 1-0

[Event "9.Città di Padova Open A"]
[Site "Padova Ex Fornace Carotta"]
[Date "2006.12.22"]
[Round "7.14"]
[White "Topollaj, Mark"]
[Black "Mazzella, Riccardo"]
[Result "1-0"]
[WhiteElo "1440"]
[BlackElo "1371"]
[Annotator "Gabriele Ballarin"]
[PlyCount "131"]
[EventDate "2006.12.16"]
[EventType "swiss"]
[EventRounds "9"]
[EventCountry "ITA"]

1. e4 e5 2. Bc4 Nf6 3. d3 Bc5 4. h3 O-O 5. Bg5 h6 6. Bh4 Be7 7. Ne2 Re8 8. Nbc3 c6 9. Bxf6 Bxf6 10. O-O Qa5 11. Bb3 d6 12. Ng3 Be6 13. Nh5 Nd7 14. f4 Bxb3 15. axb3 Qd8 16. Nxf6+ Nxf6 17. fxe5 Rxe5 18. Qf3 Ra5 19. Rae1 Qb6+ 20. Kh1 Re8 21. Qg3 Rg5 22. Qxd6 Nh5 23. Rf3 Qd8 24. Qxd8 Rxd8 25. Kh2 Rf8 26. Ref1 Nf6 27. Ne2 Rc5 28. c3 Ra5 29. Nd4 Ra2 30. R1f2 a6 31. Nf5 Nh5 32. g4 Nf6 33. Nxh6+ gxh6 34. Rxf6 Kg7 35. Kg3 Rxb2 36. Rxf7+ Rxf7 37. Rxb2 c5 38. d4 Rd7 39. d5 Kf6 40. Kf4 Rf7 41. e5+ Ke7+ 42. Ke3 Rf1 43. c4 Re1+ 44. Kf4 Rf1+ 45. Ke4 Re1+ 46. Kf5 Rf1+ 47. Kg6 Rh1 48. Kxh6 Rxh3+ 49. Kg6 Rh8 50. g5 Rg8+ 51. Kh6 Rh8+ 52. Kg7 Rh5 53. Kg6 Rh8 54. Rf2 Rg8+ 55. Kh6 Rh8+ 56. Kg7 Rh5 57. Rf5 Rh3 58. Rf7+ Ke8 {Nur} 59. Z0 b6 60. Ra7 a5 61. d6 Kd8 62. Kf6 Rf3+ 63. Ke6 Kc8 64. Rg7 a4 65. bxa4 Rf4 66. Kd5 1-0

[Event "9.Città di Padova Open A"]
[Site "Padova Ex Fornace Carotta"]
[Date "2006.12.23"]
[Round "8.14"]
[White "Topollaj, Mark"]
[Black "Palumbo, Giuseppe"]
[Result "0-1"]
[WhiteElo "1440"]
[BlackElo "1592"]
[Annotator "Gabriele Ballarin"]
[PlyCount "68"]
[EventDate "2006.12.16"]
[EventType "swiss"]
[EventRounds "9"]
[EventCountry "ITA"]

1. e4 c5 2. Bc4 d6 3. a3 e6 4. Ne2 Nf6 5. d3 Bd7 6. O-O Be7 7. h3 Nc6 8. c3 d5 9. exd5 exd5 10. Ba2 O-O 11. Bg5 Re8 12. Bxf6 Bxf6 13. Bxd5 Bxh3 14. Bxf7+ Kxf7 15. gxh3 Qd7 16. Kg2 Re5 17. Ng3 Rae8 18. Qf3 Kg8 19. Nd2 Rf8 20. Nde4 Bh4 21. Qd1 Qd5 22. Qe2 Ne7 23. Rad1 Ng6 24. Qg4 Rg5 25. Qxg5 Bxg5 26. f3 Bh4 27. Ne2 Nf4+ 28. Nxf4 Rxf4 29. Rd2 b5 30. d4 Rxe4 31. fxe4 Qg5+ 32. Kf3 Qxd2 33. d5 Qd3+ 34. Kg4 Qxf1 0-1

[Event "9.Città di Padova Open A"]
[Site "Padova Ex Fornace Carotta"]
[Date "2006.12.24"]
[Round "9.13"]
[White "Ceccato, Alessandro"]
[Black "Topollaj, Mark"]
[Result "1-0"]
[WhiteElo "1700"]
[BlackElo "1440"]
[Annotator "Gabriele Ballarin"]
[PlyCount "59"]
[EventDate "2006.12.16"]
[EventType "swiss"]
[EventRounds "9"]
[EventCountry "ITA"]

1. e4 e6 2. d4 d5 3. Nd2 Nf6 4. e5 Nfd7 5. Bd3 c5 6. c3 cxd4 7. cxd4 Nc6 8. Ndf3 Nxd4 9. Nxd4 Nxe5 10. Bb5+ Bd7 11. Bxd7+ Qxd7 12. Ngf3 Bb4+ 13. Ke2 Nxf3 14. Nxf3 Qb5+ 15. Qd3 Qxd3+ 16. Kxd3 O-O 17. Bd2 Bxd2 18. Kxd2 Rac8 19. Rac1 b5 20. Rxc8 Rxc8 21. Rc1 Rxc1 22. Kxc1 Kf8 23. Kd2 f6 24. Kd3 e5 25. Nd2 Ke7 26. f3 Kd6 27. b4 a6 28. Nb3 f5 29. Nc5 a5 30. Nb7+ 1-0

[Event "67. Provinciale PD"]
[Site "Monselice ITA"]
[Date "2007.01.12"]
[Round "1.1"]
[White "Calicchia, Giovanni"]
[Black "Cacco, Christian"]
[Result "1-0"]
[WhiteElo "1775"]
[BlackElo "2291"]
[Annotator "Gabriele Ballarin"]
[PlyCount "63"]
[EventDate "2007.01.12"]
[EventType "swiss"]
[EventRounds "5"]
[EventCountry "ITA"]

1. e4 c5 2. Nc3 e6 3. g3 Nc6 4. Bg2 g6 5. Nge2 Bg7 6. O-O Nge7 7. d3 d6 8. Bg5 h6 9. Be3 Nd4 10. h3 Rb8 11. a4 O-O 12. Rb1 Nec6 13. Nb5 Nxe2+ 14. Qxe2 a6 15. Nc3 Bd7 16. Qd2 Kh7 17. Ne2 Nd4 18. b3 b5 19. axb5 axb5 20. b4 Nxe2+ 21. Qxe2 cxb4 22. Rxb4 Qa5 23. Bd2 Qa2 24. Bf4 Rb6 25. e5 Bxe5 26. Bxe5 f6 27. Ra1 Ra6 28. Rxa2 Rxa2 29. Bd4 Rc8 30. Rb2 Ra4 31. Be3 f5 32. d4 1-0

[Event "67. Provinciale PD"]
[Site "Monselice ITA"]
[Date "2007.01.12"]
[Round "1.2"]
[White "Rossato, Armando"]
[Black "Marchiolro, Michele"]
[Result "1-0"]
[WhiteElo "2070"]
[BlackElo "1565"]
[Annotator "Gabriele Ballarin"]
[PlyCount "112"]
[EventDate "2007.01.12"]
[EventType "swiss"]
[EventRounds "5"]
[EventCountry "ITA"]

1. d4 Nf6 2. Nf3 g6 3. Nc3 d6 4. e4 Bg7 5. Be3 O-O 6. Qd2 Re8 7. Rd1 Ng4 8. Bg5 h6 9. Bh4 g5 10. Bg3 e5 11. dxe5 Nxe5 12. Nxe5 Bxe5 13. Bd3 Bg4 14. f3 Bh5 15. O-O Nd7 16. Ne2 Nc5 17. Bc4 Qf6 18. c3 Ne6 19. Rf2 Nf4 20. Bxf4 gxf4 21. g3 fxg3 22. hxg3 Qg7 23. f4 Bf6 24. Bd3 Kh8 25. Kh2 Bg6 26. Qe3 Re7 27. Qf3 Rae8 28. f5 Bh7 29. Nf4 Be5 30. Rh1 Bxf4 31. Qxf4 f6 32. Kg2 Qg5 33. Rxh6 Kg7 34. Rh4 Qxf4 35. Rfxf4 Bg8 36. Rfg4+ Kf8 37. c4 Rg7 38. Rxg7 Kxg7 39. Rg4+ Kf8 40. Rg6 Ke7 41. Kf3 Rf8 42. Kf4 c6 43. g4 d5 44. cxd5 cxd5 45. Rg7+ Kd6 46. Rxb7 dxe4 47. Bxe4 Bxa2 48. Rxa7 Bc4 49. Rb7 Bd5 50. Bxd5 Kxd5 51. Rb6 Kc5 52. Re6 Kb4 53. Re2 Rd8 54. g5 Kb3 55. gxf6 Rd4+ 56. Ke5 Rg4 1-0

[Event "67. Provinciale PD"]
[Site "Monselice ITA"]
[Date "2007.01.12"]
[Round "1.3"]
[White "De Marchi, Alessandro"]
[Black "Pomaro, Alberto"]
[Result "0-1"]
[WhiteElo "1561"]
[BlackElo "2054"]
[Annotator "Gabriele Ballarin"]
[PlyCount "66"]
[EventDate "2007.01.12"]
[EventType "swiss"]
[EventRounds "5"]
[EventCountry "ITA"]

1. Nf3 Nf6 2. c4 g6 3. Nc3 Bg7 4. d4 O-O 5. g3 d6 6. Bg2 Nc6 7. d5 Na5 8. Nd2 c5 9. Rb1 Ng4 10. Qc2 Ne5 11. b3 Bd7 12. O-O a6 13. h3 f5 14. f4 Nf7 15. a4 e5 16. dxe6 Bxe6 17. Nd5 Nc6 18. e3 Bxd5 19. cxd5 Nb4 20. Qc4 Re8 21. e4 Rb8 22. Bb2 b5 23. axb5 axb5 24. Qe2 Bxb2 25. Rxb2 Nxd5 26. Qf3 Nf6 27. exf5 gxf5 28. Qd3 Qd7 29. Rc1 Re7 30. Ra2 Rbe8 31. Nf1 Ne4 32. Ra6 c4 33. Qd4 Nc5 0-1

[Event "67. Provinciale PD"]
[Site "Monselice ITA"]
[Date "2007.01.12"]
[Round "1.4"]
[White "Guclu, Yaman"]
[Black "Ciancio, Mario"]
[Result "1-0"]
[WhiteElo "2033"]
[BlackElo "1488"]
[Annotator "Gabriele Ballarin"]
[PlyCount "47"]
[EventDate "2007.01.12"]
[EventType "swiss"]
[EventRounds "5"]
[EventCountry "ITA"]

1. d4 d5 2. c4 dxc4 3. Nf3 Nf6 4. Nc3 c6 5. e3 Nbd7 6. Bxc4 e6 7. O-O Bd6 8. e4 e5 9. dxe5 Bxe5 10. Nxe5 Nxe5 11. Qxd8+ Kxd8 12. Be2 Be6 13. f4 Neg4 14. e5 Nd5 15. f5 Nge3 16. fxe6 Nxf1 17. Nxd5 cxd5 18. Bg5+ Kc7 19. Rc1+ Kb6 20. Bxf1 fxe6 21. Be3+ Ka5 22. Rc5+ b5 23. Rxb5+ Ka4 24. Bc1 1-0

[Event "67. Provinciale PD"]
[Site "Monselice ITA"]
[Date "2007.01.12"]
[Round "1.5"]
[White "Bressan, Paolo"]
[Black "Sinato, Fabrizio"]
[Result "0-1"]
[WhiteElo "1484"]
[BlackElo "1927"]
[Annotator "Gabriele Ballarin"]
[PlyCount "84"]
[EventDate "2007.01.12"]
[EventType "swiss"]
[EventRounds "5"]
[EventCountry "ITA"]

1. e4 c5 2. Nf3 d6 3. Nc3 e6 4. d3 Nf6 5. Be3 Be7 6. Ne2 Nc6 7. Ng3 O-O 8. Be2 b5 9. a3 Bb7 10. O-O d5 11. e5 Nd7 12. d4 cxd4 13. Bxd4 a6 14. c3 Rc8 15. Re1 Qc7 16. Bd3 Ndxe5 17. Nxe5 Nxe5 18. Bxh7+ Kxh7 19. Qh5+ Kg8 20. Bxe5 Qc4 21. Red1 Qh4 22. Rd4 Qxh5 23. Nxh5 f6 24. Bg3 Kf7 25. Rg4 g6 26. Nf4 g5 27. Nd3 f5 28. Ne5+ Kg7 29. Rd4 f4 30. Bxf4 Rxf4 31. Nf3 Rxd4 32. Nxd4 Kf6 33. Re1 e5 34. Ne2 a5 35. Ng3 Bd6 36. h3 b4 37. axb4 axb4 38. Ne2 Ba6 39. cxb4 Bxb4 40. Nc3 Bxc3 41. bxc3 Rxc3 42. Rb1 Kf5 {Nur} 0-1

[Event "67. Provinciale PD"]
[Site "Monselice ITA"]
[Date "2007.01.12"]
[Round "1.6"]
[White "Marson, Luca"]
[Black "Corvino, Giuseppe"]
[Result "1-0"]
[WhiteElo "1926"]
[BlackElo "1440"]
[Annotator "Gabriele Ballarin"]
[PlyCount "41"]
[EventDate "2007.01.12"]
[EventType "swiss"]
[EventRounds "5"]
[EventCountry "ITA"]

1. e4 e5 2. Nf3 Nc6 3. Bb5 Nf6 4. O-O Bc5 5. c3 O-O 6. d4 exd4 7. cxd4 Bb6 8. Nc3 d5 9. Bxc6 bxc6 10. Bg5 h6 11. Bxf6 gxf6 12. a4 dxe4 13. Nxe4 Bg4 14. Ra3 f5 15. Ng3 Qd5 16. Qd2 Bxf3 17. Rxf3 Qxd4 18. Qxh6 Qg7 19. Qxc6 Kh7 20. Nxf5 Qg5 21. Rh3+ 1-0

[Event "67. Provinciale PD"]
[Site "Monselice ITA"]
[Date "2007.01.12"]
[Round "1.7"]
[White "Liberi, Michele"]
[Black "Quaranta, Gaetano"]
[Result "0-1"]
[WhiteElo "1440"]
[BlackElo "1830"]
[Annotator "Gabriele Ballarin"]
[PlyCount "110"]
[EventDate "2007.01.12"]
[EventType "swiss"]
[EventRounds "5"]
[EventCountry "ITA"]

1. b4 d5 2. Bb2 Nf6 3. e3 e6 4. b5 Bd6 5. c4 c6 6. Nf3 cxb5 7. cxb5 Bd7 8. a4 O-O 9. d4 a6 10. Nc3 Bb4 11. Qb3 Qa5 12. Nd2 Rc8 13. Rc1 Be8 14. Bd3 Nbd7 15. O-O Nb6 16. Ndb1 Nc4 17. Bxc4 Rxc4 18. Na3 Rc7 19. Na2 Rxc1 20. Rxc1 Bxa3 21. Bxa3 axb5 22. Bb4 Qxa4 23. Qxa4 bxa4 24. Ba3 Bb5 25. Nc3 Bc4 26. Rb1 Bb3 27. Nxa4 Bxa4 28. Rxb7 h6 29. h3 Rc8 30. Bd6 Rc1+ 31. Kh2 Ne4 32. Bg3 Nxg3 33. Kxg3 Rc4 34. Rb8+ Kh7 35. Rb7 Kg6 36. Rb6 Bd1 37. Rb2 Bc2 38. f3 Rc3 39. Kf2 Bf5 40. h4 Rc2+ 41. Rxc2 Bxc2 42. g4 f5 43. Kg3 Bd1 44. Kf4 fxg4 45. fxg4 Kf6 46. Kg3 Bc2 47. Kf3 Be4+ 48. Kg3 g5 49. h5 Ke7 50. Kf2 Kd6 51. Ke2 e5 52. dxe5+ Kxe5 53. Kf2 Bh1 54. Ke1 Ke4 55. Ke2 Bf3+ 0-1

[Event "67. Provinciale PD"]
[Site "Monselice ITA"]
[Date "2007.01.12"]
[Round "1.8"]
[White "Zannol, Roberto"]
[Black "Pinton, Roberto"]
[Result "1-0"]
[WhiteElo "1784"]
[BlackElo "1440"]
[Annotator "Gabriele Ballarin"]
[PlyCount "88"]
[EventDate "2007.01.12"]
[EventType "swiss"]
[EventRounds "5"]
[EventCountry "ITA"]

1. Nf3 d5 2. g3 Nc6 3. Bg2 e5 4. d3 d4 5. Nbd2 Nf6 6. O-O Be6 7. c3 Qd7 8. Qa4 Bc5 9. Qb5 Bb6 10. Nxe5 Nxe5 11. Qxe5 c6 12. Ne4 O-O 13. Nxf6+ gxf6 14. Qxf6 Bd8 15. Qxd4 Bb6 16. Qf6 Bd8 17. Qh6 f6 18. a4 Bg4 19. Re1 Qf5 20. Be4 Qd7 21. Bf4 f5 22. Qd6 fxe4 23. Qxd7 Bxd7 24. dxe4 Re8 25. f3 c5 26. Red1 Be6 27. b4 cxb4 28. cxb4 Bb3 29. Rd7 Re7 30. Rxe7 Bxe7 31. a5 Bxb4 32. Rb1 Bc5+ 33. Kf1 Be6 34. Rxb7 Rd8 35. Rb8 Be7 36. Rxd8+ Bxd8 37. Bd2 Kg7 38. f4 Kf6 39. f5 Bxf5 40. exf5 Kxf5 41. Be3 Kg4 42. a6 Bb6 43. Bxb6 axb6 44. a7 h6 1-0

[Event "67. Provinciale PD"]
[Site "Monselice ITA"]
[Date "2007.01.12"]
[Round "1.9"]
[White "Biserni, Federica"]
[Black "Rosina, Graziano"]
[Result "0-1"]
[WhiteElo "1392"]
[BlackElo "1779"]
[Annotator "Gabriele Ballarin"]
[PlyCount "44"]
[EventDate "2007.01.12"]
[EventType "swiss"]
[EventRounds "5"]
[EventCountry "ITA"]

1. e4 e5 2. Nf3 Nf6 3. Nxe5 d6 4. Nf3 Nxe4 5. d3 Nf6 6. Be2 Be7 7. O-O O-O 8. Re1 c6 9. Nc3 d5 10. d4 Re8 11. Bf4 Bb4 12. Bd3 Bg4 13. Rxe8+ Qxe8 14. Qd2 Bxf3 15. gxf3 Nbd7 16. Re1 Qf8 17. Re3 c5 18. Bf5 cxd4 19. Qxd4 Bc5 20. Qd3 d4 21. Bxd7 dxe3 22. fxe3 Rd8 0-1

[Event "67. Provinciale PD"]
[Site "Monselice ITA"]
[Date "2007.01.13"]
[Round "2.1"]
[White "Quaranta, Gaetano"]
[Black "Rossato, Armando"]
[Result "0-1"]
[WhiteElo "1830"]
[BlackElo "2070"]
[Annotator "Gabriele Ballarin"]
[PlyCount "70"]
[EventDate "2007.01.12"]
[EventType "swiss"]
[EventRounds "5"]
[EventCountry "ITA"]

1. d4 g6 2. c4 Bg7 3. Nc3 d6 4. e4 e6 5. Be3 b6 6. Qd2 Bb7 7. f3 Nd7 8. Nge2 h6 9. O-O-O Ne7 10. Kb1 Nc6 11. h4 Qe7 12. g4 O-O-O 13. Bg2 Kb8 14. f4 Nf6 15. Bf3 h5 16. gxh5 Nxh5 17. Rdg1 Bf6 18. Bf2 Na5 19. b3 e5 20. Nd5 Bxd5 21. cxd5 Ng7 22. dxe5 dxe5 23. fxe5 Bxe5 24. Bd4 Nc6 25. dxc6 Ne6 26. Qd3 Qa3 27. Rd1 Nxd4 28. Nxd4 Rxd4 29. Qc2 Qd6 30. Be2 Rd8 31. Rhf1 Bh8 32. Kc1 Qe5 33. Rd3 Rxd3 34. Bxd3 Qa1+ 35. Qb1 Bc3 0-1

[Event "67. Provinciale PD"]
[Site "Monselice ITA"]
[Date "2007.01.13"]
[Round "2.2"]
[White "Pomaro, Alberto"]
[Black "Marson, Luca"]
[Result "1-0"]
[WhiteElo "2054"]
[BlackElo "1926"]
[Annotator "Gabriele Ballarin"]
[PlyCount "77"]
[EventDate "2007.01.12"]
[EventType "swiss"]
[EventRounds "5"]
[EventCountry "ITA"]

1. d4 Nf6 2. c4 g6 3. Nc3 Bg7 4. e4 d6 5. Nf3 O-O 6. Be2 e5 7. O-O Nc6 8. d5 Ne7 9. Nd2 Nd7 10. b4 a5 11. bxa5 Rxa5 12. Nb3 Ra8 13. Be3 b6 14. a4 Nc5 15. a5 Nxb3 16. Qxb3 bxa5 17. c5 Ba6 18. Rxa5 Bxe2 19. Rxa8 Qxa8 20. Nxe2 Rb8 21. Qc4 Qa5 22. c6 f5 23. f3 Nc8 24. Qc3 Qa2 25. Nc1 Qa4 26. Qd3 fxe4 27. fxe4 Nb6 28. Bxb6 Rxb6 29. Qf3 Qd4+ 30. Kh1 h6 31. Nd3 Rb3 32. Qf7+ Kh7 33. Nf2 Qb6 {=} 34. Ng4 h5 35. Nf6+ Kh6 36. Ng8+ Kh7 37. Ne7 Rb1 38. Qxg6+ Kh8 39. Qxh5+ 1-0

[Event "67. Provinciale PD"]
[Site "Monselice ITA"]
[Date "2007.01.13"]
[Round "2.3"]
[White "Rosina, Graziano"]
[Black "Guclu, Yaman"]
[Result "1-0"]
[WhiteElo "1779"]
[BlackElo "2033"]
[Annotator "Gabriele Ballarin"]
[PlyCount "87"]
[EventDate "2007.01.12"]
[EventType "swiss"]
[EventRounds "5"]
[EventCountry "ITA"]

1. e4 e5 2. Bc4 Nc6 3. Nc3 Nf6 4. d3 Bb4 5. Nge2 d5 6. exd5 Nxd5 7. O-O Be6 8. Ne4 Be7 9. Bb5 f5 10. Bxc6+ bxc6 11. N4g3 h5 12. Re1 h4 13. Nf1 g5 14. Nd4 exd4 15. Rxe6 Qd7 16. Qe1 O-O-O 17. Rg6 Rhg8 18. Qe6 Rxg6 19. Qxg6 g4 20. Bd2 h3 21. Ng3 f4 22. Nf5 Rf8 23. Nxd4 Bc5 24. Ne6 Bxf2+ 25. Kxf2 g3+ 26. Kg1 Ne7 27. Qe4 Rg8 28. Bxf4 gxh2+ 29. Bxh2 Rxg2+ 30. Kh1 Nd5 31. Rg1 Nf6 32. Qf5 Qd5 33. Qxd5 Nxd5 34. Rxg2 hxg2+ 35. Kxg2 Ne3+ 36. Kf2 Nxc2 37. a3 Kd7 38. Nxc7 Nd4 39. Ke3 Nf5+ 40. Ke4 Ne7 41. Na6 Ng6 42. Nc5+ Ke7 43. Bb8 a5 44. Bc7 1-0

[Event "67. Provinciale PD"]
[Site "Monselice ITA"]
[Date "2007.01.13"]
[Round "2.4"]
[White "Sinato, Fabrizio"]
[Black "Zannol, Roberto"]
[Result "1-0"]
[WhiteElo "1927"]
[BlackElo "1784"]
[Annotator "Gabriele Ballarin"]
[PlyCount "96"]
[EventDate "2007.01.12"]
[EventType "swiss"]
[EventRounds "5"]
[EventCountry "ITA"]

1. e4 d6 2. d4 Nf6 3. Nc3 g6 4. f4 Bg7 5. Nf3 O-O 6. Bc4 c5 7. e5 Ng4 8. dxc5 Qa5 9. Qe2 dxe5 10. h3 exf4 11. hxg4 Bxc3+ 12. Kf1 Bg7 13. Qxe7 Nc6 14. Qd6 Qd8 15. Bxf4 Qf6 16. c3 Be6 17. Bxe6 fxe6 18. Bh6 Bxh6 19. Rxh6 Rad8 20. Qg3 Rd7 21. Kg1 Rfd8 22. Rf1 Qf8 23. Rh3 Qxc5+ 24. Qf2 Qxf2+ {=} 25. Rxf2 e5 26. Ng5 Re7 27. Ne4 Rd1+ 28. Kh2 Re1 29. Nf6+ Kh8 30. Nd5 Rd7 31. c4 e4 32. g5 Ne5 33. Rf8+ Kg7 34. Re8 Ng4+ 35. Kg3 h5 36. gxh6+ Nxh6 37. Kf2 Rc1 38. Rxe4 Rc2+ 39. Kg1 Rxb2 40. Reh4 Rxd5 41. cxd5 Nf5 42. Ra4 a6 43. Rb3 Rxb3 44. axb3 Kf7 45. Re4 b5 46. b4 Ne7 47. d6 Nc6 48. d7 Nd8 1-0

[Event "67. Provinciale PD"]
[Site "Monselice ITA"]
[Date "2007.01.13"]
[Round "2.5"]
[White "Marchiolro, Michele"]
[Black "Calicchia, Giovanni"]
[Result "0-1"]
[WhiteElo "1565"]
[BlackElo "1775"]
[Annotator "Gabriele Ballarin"]
[PlyCount "95"]
[EventDate "2007.01.12"]
[EventType "swiss"]
[EventRounds "5"]
[EventCountry "ITA"]

1. d4 Nf6 2. c4 e5 3. d5 Bc5 4. e3 d6 5. Nc3 Bf5 6. Nf3 h6 7. a3 a5 8. Bd2 Nbd7 9. Nb5 c6 10. b4 axb4 11. axb4 cxb5 12. bxc5 Nxc5 13. cxb5 O-O 14. Rxa8 Qxa8 15. Bb4 b6 16. Bxc5 bxc5 17. Nh4 Bd7 18. Be2 Bxb5 19. O-O Bxe2 20. Qxe2 Qxd5 21. Rd1 Qe4 22. Nf3 d5 23. Qb2 d4 24. exd4 exd4 25. Re1 Qc6 26. Qa2 Qd5 27. Qa7 d3 28. Re5 Ra8 29. Rxd5 Rxa7 30. Rd8+ Kh7 31. h3 Ra1+ 32. Kh2 c4 33. Ne5 Rc1 34. Nxf7 Ne4 35. Rh8+ Kg6 36. Ne5+ Kf5 37. Nf3 d2 38. Rf8+ Kg6 39. Nxd2 Nxd2 40. f3 c3 41. Kg3 c2 42. Rc8 Nb3 43. Kh4 Na1 44. Re8 Rg1 45. Re6+ Kh7 46. Rxh6+ Kxh6 47. g4 c1=Q 48. g5+ 0-1